00821cam a2200253 a 4500001000800000005001700008008004100025010001700066020002600083020002200109040001800131043001200149050002300161100001800184245003900202260007300241300003900314440003300353504004800386610003400434650003200468650004300500710002400543490696420170206104616.0940616s1995 enka bc 000 0 eng  a 94028172  a052147521X (hardback) a0521475201 (pbk.) aDLCcDLCdDLC ae-uk-en00aNK4085 b.P55 19951 aPoole, Julia.10aEnglish pottery /cJulia E. Poole. aCambridge ;aNew York, NY, USA :bCambridge University Press,c1995. axii, 138 p. :bcol. ill. ;c25 cm. 0aFitzwilliam Museum handbooks aIncludes bibliographical references (p. 8.)20aFitzwilliam MuseumxCatalogs. 0aPottery, EnglishxCatalogs. 0aPotteryzEnglandzCambridgexCatalogs.2 aFitzwilliam Museum.